[Event "Cto Aragón Ajedrez Equipos DH Gr I"]
[Site "Aragon"]
[Date "2015.01.24"]
[Round "1.1"]
[White "Salamero Pelay, Fernando"]
[Black "Antoli Royo, Joaquin Miguel"]
[Result "0-1"]
[WhiteElo "2164"]
[BlackElo "2437"]
[PlyCount "60"]
[EventDate "2015.01.24"]
[WhiteTeam "Club atletismo Huesca"]
[BlackTeam "Jaime Casas"]

1. e4 c5 2. Nf3 d6 3. d4 cxd4 4. Nxd4 Nf6 5. Nc3 Nc6 6. Bc4 Bd7 7. Be3 Ng4 8.
Nxc6 bxc6 9. Bf4 Qa5 10. Qf3 Nf6 11. O-O e5 12. Bg5 Be7 13. Qd3 Qc5 14. Be3 Qa5
15. Bg5 Qc5 16. Be3 Qb4 17. a3 Qb8 18. h3 O-O 19. f4 Qc7 20. g4 exf4 21. Rxf4
Be6 22. Raf1 Rab8 23. Qe2 d5 24. exd5 cxd5 25. Bd3 Ne4 26. Nxe4 dxe4 27. Bxe4
Rfe8 28. Qf2 Bd6 29. Rf3 Bc4 30. Bd3 Bd5 0-1

[Event "Cto Aragón Ajedrez Equipos DH Gr I"]
[Site "Aragon"]
[Date "2015.01.24"]
[Round "1.2"]
[White "Garza Marco, Sergio"]
[Black "Gella Lopez, Angel"]
[Result "1-0"]
[WhiteElo "2415"]
[BlackElo "2089"]
[PlyCount "69"]
[EventDate "2015.01.24"]
[WhiteTeam "Jaime Casas"]
[BlackTeam "Club atletismo Huesca"]

1. d4 Nf6 2. c4 c5 3. d5 e6 4. Nc3 exd5 5. cxd5 d6 6. e4 g6 7. f4 Bg7 8. Bb5+
Nfd7 9. Nf3 a6 10. Bd3 b5 11. O-O O-O 12. Kh1 Re8 13. f5 Bf6 14. Bf4 Ne5 15.
Nxe5 Bxe5 16. Bxe5 Rxe5 17. Qd2 Nd7 18. Rf3 c4 19. Bc2 Nc5 20. Qh6 Ra7 21. Raf1
Qf8 22. Qh4 Qe7 23. Qh6 Qf8 24. Qf4 Qe7 25. a3 Rb7 26. Qh6 Qf8 27. Qxf8+ Kxf8
28. fxg6 hxg6 29. Rf6 b4 30. axb4 Rxb4 31. Bd1 Kg7 32. Rxf7+ Kh6 33. Rf8 Bb7
34. R1f7 Rh5 35. g3 1-0

[Event "Cto Aragón Ajedrez Equipos DH Gr I"]
[Site "Aragon"]
[Date "2015.01.24"]
[Round "1.3"]
[White "Laplaza Ara, Carlos"]
[Black "Ramiro Ovejero, Juan Luis"]
[Result "0-1"]
[WhiteElo "1954"]
[BlackElo "2350"]
[PlyCount "40"]
[EventDate "2015.01.24"]
[WhiteTeam "Club atletismo Huesca"]
[BlackTeam "Jaime Casas"]

1. c4 e5 2. g3 Nf6 3. Bg2 c6 4. d3 d5 5. Nd2 Bc5 6. e3 Bf5 7. Ngf3 Qe7 8. Qe2
e4 9. dxe4 dxe4 10. Nd4 Bg4 11. f3 exf3 12. Bxf3 Bh3 13. Kf2 Nbd7 14. Re1 Ne5
15. a3 O-O-O 16. b4 Rxd4 17. bxc5 Rxd2 18. Bxd2 Nxf3 19. Qxf3 Bg4 20. Qf4 g5
0-1

[Event "Cto Aragón Ajedrez Equipos DH Gr I"]
[Site "Aragon"]
[Date "2015.01.24"]
[Round "1.4"]
[White "Rudolf, Anna"]
[Black "Rodriguez Avellanas, Jose Manu"]
[Result "1-0"]
[WhiteElo "2319"]
[BlackElo "1777"]
[PlyCount "53"]
[EventDate "2015.01.24"]
[WhiteTeam "Jaime Casas"]
[BlackTeam "Club atletismo Huesca"]

1. e4 e6 2. d4 d5 3. Nd2 dxe4 4. Nxe4 Be7 5. Nf3 Nf6 6. Nxf6+ Bxf6 7. Bd3 O-O
8. Be3 Nc6 9. O-O Nb4 10. Be4 Nd5 11. c4 Nxe3 12. fxe3 g6 13. c5 Bg7 14. Qb3 c6
15. Rad1 Qc7 16. Qc3 Rb8 17. Rf2 h6 18. b4 Bd7 19. Ne5 Bxe5 20. dxe5 Rbd8 21.
Rd6 Bc8 22. Qd3 Kg7 23. Rf6 g5 24. Bg6 Rd7 25. Qe4 Re7 26. h4 Rh8 27. Bxf7 1-0

[Event "Cto Aragón Ajedrez Equipos DH Gr I"]
[Site "Aragon"]
[Date "2015.01.24"]
[Round "1.5"]
[White "Llanes Luno, Ricardo"]
[Black "Villuendas Valero, Adrian"]
[Result "0-1"]
[WhiteElo "2176"]
[BlackElo "2288"]
[PlyCount "52"]
[EventDate "2015.01.24"]
[WhiteTeam "Delicias"]
[BlackTeam "St. Casablanca B"]

1. e4 c5 2. Nf3 Nc6 3. g3 g6 4. Bg2 Bg7 5. O-O d6 6. c3 e5 7. d3 Nge7 8. a3 a5
9. Nbd2 O-O 10. a4 h6 11. Nc4 Be6 12. b3 f5 13. h3 Qc7 14. Qe2 Rae8 15. Re1 d5
16. Ncd2 fxe4 17. dxe4 d4 18. cxd4 exd4 19. Nc4 d3 20. Qa2 Nb4 21. Qb1 Bxc4 22.
bxc4 Nc2 23. Ra3 Rxf3 24. Rd1 Nxa3 25. Bxa3 Rxf2 26. Kxf2 Bd4+ 0-1

[Event "Cto Aragón Ajedrez Equipos DH Gr I"]
[Site "Aragon"]
[Date "2015.01.24"]
[Round "1.6"]
[White "Gomez Anadon, Daniel"]
[Black "Roche Simon, Manuel Angel"]
[Result "1/2-1/2"]
[WhiteElo "2249"]
[BlackElo "2144"]
[PlyCount "111"]
[EventDate "2015.01.24"]
[WhiteTeam "St. Casablanca B"]
[BlackTeam "Delicias"]

1. Nf3 d5 2. d4 Nf6 3. e3 c5 4. dxc5 e6 5. a3 Bxc5 6. b4 Be7 7. c4 O-O 8. Bb2
b6 9. Nbd2 Nbd7 10. cxd5 exd5 11. Bd3 Bb7 12. O-O Ne4 13. Rc1 Bf6 14. Bxf6
Ndxf6 15. Nb3 Qe7 16. Nbd4 Rac8 17. h3 Rxc1 18. Qxc1 Rc8 19. Qb2 Qc7 20. Ne2
Nc3 21. Nfd4 Nxe2+ 22. Nxe2 Ne4 23. Rc1 Qb8 24. Rxc8+ Qxc8 25. Qe5 Nd2 26. Bf5
Qd8 27. Qd4 Nc4 28. a4 Qe7 29. b5 g6 30. Bd3 Ne5 31. Bc2 Nd7 32. Bb3 Qc5 33.
Qf4 Kg7 34. g4 h6 35. h4 Nf8 36. Qe5+ Kg8 37. Kh2 Qb4 38. Nd4 Qc5 39. Kg2 Qc8
40. Kg3 Qd7 41. f4 Ne6 42. Nxe6 Qxe6 43. Qxe6 fxe6 44. f5 exf5 45. gxf5 Kf7 46.
Kf4 Kf6 47. fxg6 Kxg6 48. Bd1 Kf6 49. Bg4 a6 50. Bd7 axb5 51. axb5 Ke7 52. Bg4
Kd6 53. Bf5 Kc5 54. Bd7 Kd6 55. Bf5 Kc5 56. Bd7 1/2-1/2

[Event "Cto Aragón Ajedrez Equipos DH Gr I"]
[Site "Aragon"]
[Date "2015.01.24"]
[Round "1.7"]
[White "Lamas Mercadal, Manuel"]
[Black "Gimenez Martinez, Alberto"]
[Result "0-1"]
[WhiteElo "2127"]
[BlackElo "2158"]
[PlyCount "140"]
[EventDate "2015.01.24"]
[WhiteTeam "Delicias"]
[BlackTeam "St. Casablanca B"]

1. e4 c5 2. d4 cxd4 3. c3 d5 4. exd5 Qxd5 5. cxd4 e6 6. Nc3 Qd8 7. Nf3 Nf6 8.
Bd3 Be7 9. O-O O-O 10. Bc2 b6 11. Ne5 Bb7 12. Bg5 Nbd7 13. Re1 Nxe5 14. dxe5
Ne8 15. Qh5 g6 16. Bxe7 Qxe7 17. Qg4 Nc7 18. Re3 Nd5 19. Nxd5 Bxd5 20. Rh3 Rac8
21. Bd3 f5 22. exf6 Qxf6 23. Qh4 Qxh4 24. Rxh4 Rc7 25. h3 Rfc8 26. Kh2 Rc1 27.
Rxc1 Rxc1 28. Kg3 a5 29. a3 Rd1 30. Be4 Kg7 31. Bxd5 exd5 32. Rf4 Rb1 33. b4
Rb3+ 34. Rf3 a4 35. Kf4 Kf6 36. Re3 d4 37. Re8 Rxa3 38. Rb8 Rb3 39. Rxb6+ Kg7
40. Rb7+ Kf6 41. Rb6+ Kg7 42. Rb7+ Kf6 43. b5 a3 44. Ra7 Rxb5 45. Rxa3 Rf5+ 46.
Kg3 Ke6 47. f3 Kd5 48. Kf2 Rf7 49. Ke2 Rb7 50. Ra2 Rc7 51. Kd2 Ke5 52. Ra4 Rb7
53. f4+ Ke4 54. Ra2 Kxf4 55. Kd3 Rd7 56. Re2 Kg3 57. Ra2 h5 58. Rb2 g5 59. Ra2
g4 60. hxg4 hxg4 61. Rb2 Rf7 62. Kxd4 Rf2 63. Rb8 Kxg2 64. Ke3 g3 65. Rg8 Rf7
66. Ra8 Kg1 67. Ra1+ Rf1 68. Ra8 g2 69. Ke2 Rf7 70. Ke3 Rh7 0-1

[Event "Cto Aragón Ajedrez Equipos DH Gr I"]
[Site "Aragon"]
[Date "2015.01.24"]
[Round "1.8"]
[White "Cortes Lizano, Jesus"]
[Black "Neila Castillo, Miguel Angel"]
[Result "1-0"]
[WhiteElo "2128"]
[BlackElo "2116"]
[PlyCount "71"]
[EventDate "2015.01.24"]
[WhiteTeam "St. Casablanca B"]
[BlackTeam "Delicias"]

1. c4 e5 2. g3 f5 3. Bg2 Nf6 4. Nc3 d6 5. d3 a5 6. Nf3 g6 7. c5 Nc6 8. cxd6
cxd6 9. O-O Bg7 10. Qb3 Qe7 11. Bg5 Be6 12. Bxf6 Bxf6 13. Nd5 Bxd5 14. Qxd5 Kf8
15. Nd2 Kg7 16. Rac1 Rhd8 17. Kh1 a4 18. Nc4 Qf7 19. Qxf7+ Kxf7 20. Nb6 Ra6 21.
Nd5 Rd7 22. Rc4 Ne7 23. Rfc1 Nxd5 24. Bxd5+ Ke7 25. Rb4 a3 26. bxa3 Rxa3 27.
Rc2 Ra7 28. Rc8 Ra5 29. Bg8 h6 30. a4 d5 31. Rb8 Ra7 32. Rb6 Ra6 33. R6xb7 Rxa4
34. Rb6 Ra1+ 35. Kg2 Rd6 36. R8b7+ 1-0

[Event "Cto Aragón Ajedrez Equipos DH Gr I"]
[Site "Aragon"]
[Date "2015.01.24"]
[Round "1.9"]
[White "Lana Rodriguez, David"]
[Black "Gracia Campo, Carlos Alberto"]
[Result "1-0"]
[WhiteElo "2254"]
[BlackElo "2076"]
[PlyCount "67"]
[EventDate "2015.01.24"]
[WhiteTeam "Agrupacion"]
[BlackTeam "El Olivar B"]

1. e4 e5 2. Nf3 Nc6 3. Bc4 Bc5 4. c3 Nf6 5. d4 exd4 6. O-O d5 7. exd5 Nxd5 8.
Qb3 Nde7 9. Bxf7+ Kf8 10. cxd4 Bxd4 11. Rd1 Na5 12. Rxd4 Nxb3 13. Rxd8+ Kxf7
14. Rxh8 Nxa1 15. Na3 h6 16. b3 Ng6 17. Rd8 Ke7 18. Rd2 Be6 19. Bb2 Nxb3 20.
axb3 Bxb3 21. Bxg7 c5 22. Bxh6 a6 23. Bg5+ Ke6 24. h4 b5 25. h5 Nh8 26. Be3 Rc8
27. Ng5+ Ke7 28. Ne4 c4 29. Bc5+ Ke6 30. f3 c3 31. Rd6+ Kf7 32. Rxa6 c2 33.
Nxc2 Bxc2 34. Nd6+ 1-0

[Event "Cto Aragón Ajedrez Equipos DH Gr I"]
[Site "Aragon"]
[Date "2015.01.24"]
[Round "1.10"]
[White "Bailo Remacha, Santiago"]
[Black "Ramon Perez, Jose Luis"]
[Result "1/2-1/2"]
[WhiteElo "2036"]
[BlackElo "2237"]
[PlyCount "98"]
[EventDate "2015.01.24"]
[WhiteTeam "El Olivar B"]
[BlackTeam "Agrupacion"]

1. d4 Nf6 2. c4 c5 3. d5 b5 4. b3 g6 5. Bb2 Bg7 6. g3 O-O 7. Bg2 d6 8. Nd2 Qa5
9. e4 bxc4 10. bxc4 Nxe4 11. Bxg7 Nxd2 12. Qxd2 Qxd2+ 13. Kxd2 Kxg7 14. Re1 Re8
15. Ne2 Nd7 16. Nc3 Ba6 17. Nb5 Bxb5 18. cxb5 a6 19. Bf1 axb5 20. Bxb5 Rxa2+
21. Kc3 Ra3+ 22. Kc2 Rd8 23. Rxe7 Ne5 24. f4 Nf3 25. Bc6 Rb8 26. Rb7 Rxb7 27.
Bxb7 Ra2+ 28. Kd3 Rxh2 29. Rb1 c4+ 30. Kc3 Nd2 31. Rb6 Rg2 32. g4 h5 33. gxh5
gxh5 34. Bc8 Ne4+ 35. Kxc4 Rc2+ 36. Kd4 Rxc8 37. Kxe4 Rd8 38. Kf5 h4 39. Kg4
Kf6 40. Rb7 Rh8 41. Kh3 Rh6 42. Rd7 Kf5 43. Rxf7+ Ke4 44. Re7+ Kxd5 45. f5 Rf6
46. Kg4 h3 47. Rh7 Ke5 48. Re7+ Kd5 49. Rh7 Ke5 1/2-1/2

[Event "Cto Aragón Ajedrez Equipos DH Gr I"]
[Site "Aragon"]
[Date "2015.01.24"]
[Round "1.11"]
[White "Carruez Berges, Santiago"]
[Black "Bayod Rubia, Angel"]
[Result "0-1"]
[WhiteElo "2084"]
[BlackElo "2010"]
[PlyCount "110"]
[EventDate "2015.01.24"]
[WhiteTeam "Agrupacion"]
[BlackTeam "El Olivar B"]

1. e4 e5 2. Nf3 Nc6 3. Bb5 Nf6 4. Nc3 d6 5. d4 exd4 6. Qxd4 Bd7 7. Bxc6 Bxc6 8.
Bg5 Be7 9. O-O-O O-O 10. Rhe1 Nd7 11. Bxe7 Qxe7 12. Nd5 Bxd5 13. exd5 Qf6 14.
Qxf6 Nxf6 15. Re7 Rac8 16. c4 Rfe8 17. Rxe8+ Rxe8 18. Nd4 a6 19. f3 Kf8 20. Kd2
g6 21. a4 Ke7 22. b4 Kd7 23. Kd3 Re5 24. a5 Kc8 25. g4 Kd7 26. Rb1 c6 27. dxc6+
bxc6 28. f4 Re8 29. h3 Ne4 30. Rb2 c5 31. Re2 Nf6 32. bxc5 dxc5 33. Rxe8 Nxe8
34. Nf3 f6 35. Nd2 f5 36. Nf3 Nd6 37. Ne5+ Kc7 38. g5 Nb7 39. h4 Kd6 40. Kc3
Nxa5 41. Nf7+ Kc7 42. Nh6 Nc6 43. h5 Ne7 44. hxg6 Nxg6 45. Nxf5 Nxf4 46. Ng3
Ne6 47. Ne4 Nxg5 48. Nxg5 h5 49. Nf3 Kd6 50. Kd3 Ke6 51. Ke4 a5 52. Ne5 h4 53.
Nd3 Kd6 54. Nb2 h3 55. Kf3 Ke5 0-1

[Event "Cto Aragón Ajedrez Equipos DH Gr I"]
[Site "Aragon"]
[Date "2015.01.24"]
[Round "1.12"]
[White "Arinez Bruna, Octavio"]
[Black "Martinez Asensio, Juan Miguel"]
[Result "1/2-1/2"]
[WhiteElo "1979"]
[BlackElo "2069"]
[PlyCount "71"]
[EventDate "2015.01.24"]
[WhiteTeam "El Olivar B"]
[BlackTeam "Agrupacion"]

1. c4 c5 2. g3 g6 3. Bg2 Bg7 4. Nc3 Nc6 5. Nf3 e5 6. d3 Nge7 7. Bg5 f6 8. Be3
d6 9. O-O Be6 10. Rb1 Qd7 11. a3 Bh3 12. b4 Bxg2 13. Kxg2 Nd4 14. Bxd4 cxd4 15.
Nd5 Nxd5 16. cxd5 Ke7 17. Nd2 h5 18. h4 Bh6 19. b5 Rac8 20. Ne4 f5 21. Ng5 Bxg5
22. hxg5 h4 23. b6 a6 24. gxh4 f4 25. f3 Rxh4 26. Rh1 Rch8 27. Qc2 Rxh1 28.
Rxh1 Rxh1 29. Kxh1 Qd8 30. Qb3 Qc8 31. Qc4 Qc5 32. Kg2 Kd8 33. Qb3 Ke7 34. Kf2
Qc1 35. Qc4 Qxc4 36. dxc4 1/2-1/2

[Event "Cto Aragón Ajedrez Equipos DH Gr I"]
[Site "Aragon"]
[Date "2015.01.24"]
[Round "1.13"]
[White "Cebrian Valverde, Jose Antonio"]
[Black "Garcia Fernandez, Javier"]
[Result "1-0"]
[WhiteElo "2140"]
[BlackElo "2210"]
[PlyCount "157"]
[EventDate "2015.01.24"]
[WhiteTeam "San Jose"]
[BlackTeam "Teruel"]

1. d4 Nf6 2. Nf3 e6 3. g3 d5 4. Bg2 Be7 5. c4 O-O 6. Qc2 a6 7. Nbd2 dxc4 8.
Nxc4 Nc6 9. O-O b5 10. Nce5 Nb4 11. Qd1 Bb7 12. a3 Nbd5 13. Bd2 c5 14. dxc5
Bxc5 15. Rc1 Qb6 16. Nd3 Bd6 17. Nfe5 Bxe5 18. Nxe5 Qd4 19. Nd3 Rac8 20. Bb4
Nxb4 21. Bxb7 Rxc1 22. Nxc1 Qb6 23. Bf3 Rd8 24. Qb3 Nc6 25. e3 Ne5 26. Bg2 Nc4
27. Re1 Rd2 28. Nd3 Qd6 29. Bf1 e5 30. Rc1 h5 31. Rc2 Ne4 32. a4 Rd1 33. Rc1
Rxc1 34. Nxc1 Qd2 35. Nd3 Nxe3 36. fxe3 Qxe3+ 37. Kg2 h4 38. Qd5 h3+ 39. Kxh3
Qh6+ 40. Kg2 Qd2+ 41. Kh1 Nf2+ 42. Kg1 Nd1 43. Qa8+ Kh7 44. Qe4+ Kg8 45. Qe2
Qe3+ 46. Qxe3 Nxe3 47. Nxe5 f6 48. axb5 axb5 49. Nc6 Nd1 50. b3 Nc3 51. Nd4 b4
52. Nc2 Na2 53. Kf2 Kf7 54. Ke3 Ke6 55. Kd4 Kf5 56. h3 Ke6 57. Kc4 Nc3 58. Kxb4
Ne4 59. g4 Ke5 60. Bg2 Nd6 61. Kc5 g6 62. b4 f5 63. Nd4 fxg4 64. hxg4 Ne8 65.
Bc6 Nc7 66. Ne2 Na6+ 67. Kc4 Kf6 68. b5 Nb8 69. Bf3 Nd7 70. Kd5 Ke7 71. Nd4 Kd8
72. Ke6 Kc7 73. Bc6 Nc5+ 74. Kf6 Kd6 75. Kxg6 Ke5 76. Nf5 Ne6 77. b6 Nd8 78.
Bg2 Kf4 79. Nh6 1-0

[Event "Cto Aragón Ajedrez Equipos DH Gr I"]
[Site "Aragon"]
[Date "2015.01.24"]
[Round "1.14"]
[White "Dominguez Bujeda, Jesus"]
[Black "Gimeno Oteo, Marco Antonio"]
[Result "0-1"]
[WhiteElo "2135"]
[BlackElo "2072"]
[PlyCount "84"]
[EventDate "2015.01.24"]
[WhiteTeam "Teruel"]
[BlackTeam "San Jose"]

1. d4 Nf6 2. Nf3 g6 3. c4 Bg7 4. Nc3 O-O 5. e4 d6 6. Be2 e5 7. O-O Nc6 8. d5
Ne7 9. Ne1 Nd7 10. f3 f5 11. g4 Kh8 12. g5 f4 13. h4 Ng8 14. Rf2 Rf7 15. Nd3
Nf8 16. Rg2 h6 17. Kf2 c6 18. Bd2 b5 19. c5 dxc5 20. Nxc5 a5 21. Qg1 b4 22.
N3a4 cxd5 23. Qh2 dxe4 24. Nxe4 h5 25. Ke1 Ne6 26. Qg1 Nd4 27. Bd1 Bf5 28. Nac5
Rc8 29. Rc1 Rfc7 30. Nb3 Rxc1 31. Nxc1 Bxe4 32. fxe4 Ne7 33. Qf1 Qb6 34. Qd3
Qc6 35. Nb3 Nxb3 36. Bxb3 Qc7 37. Qa6 Rd8 38. Re2 Qc5 39. Kf1 Kh7 40. Be1 f3
41. Rc2 Qe3 42. Qc4 Rd1 0-1

[Event "Cto Aragón Ajedrez Equipos DH Gr I"]
[Site "Aragon"]
[Date "2015.01.24"]
[Round "1.15"]
[White "Gutierrez Mingueza, Ruben"]
[Black "Martin Catalan, Juan Vicente"]
[Result "1-0"]
[WhiteElo "2076"]
[BlackElo "2087"]
[PlyCount "79"]
[EventDate "2015.01.24"]
[WhiteTeam "San Jose"]
[BlackTeam "Teruel"]

1. d4 d5 2. Nf3 Nf6 3. c4 e6 4. Nc3 Be7 5. Bg5 O-O 6. e3 Nbd7 7. Rc1 c6 8. Bd3
dxc4 9. Bxc4 Nd5 10. Bxe7 Qxe7 11. O-O Nxc3 12. Rxc3 e5 13. Bb3 e4 14. Nd2 c5
15. Qc2 cxd4 16. exd4 Nf6 17. Re1 Bf5 18. Nf1 Qd7 19. Ne3 Bg6 20. d5 Rac8 21.
Rc1 Rxc3 22. Qxc3 Rb8 23. h3 Ne8 24. Qe5 Nd6 25. Nc4 Rc8 26. Rc3 Nxc4 27. Rxc4
Rxc4 28. Bxc4 f5 29. d6+ Kf8 30. Be6 Qd8 31. d7 Ke7 32. Bxf5+ Kf7 33. Qe6+ Kf8
34. Qd6+ Kg8 35. Bg4 Kf7 36. Be6+ Kf6 37. Bd5+ Kf5 38. g3 Kg5 39. Qf4+ Kh5 40.
Qh4+ 1-0

[Event "Cto Aragón Ajedrez Equipos DH Gr I"]
[Site "Aragon"]
[Date "2015.01.24"]
[Round "1.16"]
[White "Marin Tolosa, Guillermo"]
[Black "Palomar Ramon, Santiago"]
[Result "0-1"]
[WhiteElo "1994"]
[BlackElo "1949"]
[PlyCount "108"]
[EventDate "2015.01.24"]
[WhiteTeam "Teruel"]
[BlackTeam "San Jose"]

1. d4 {[%emt 0:00:00]} d5 2. Nf3 Nc6 3. Bf4 Bg4 4. e3 e6 5. c3 Nf6 6. Bb5 Bd6
7. Bxd6 Qxd6 8. Nbd2 O-O 9. Qc2 Bf5 10. Bd3 Bxd3 11. Qxd3 e5 12. dxe5 Nxe5 13.
Nxe5 Qxe5 14. O-O Rfd8 15. Rfd1 Rd6 16. Qd4 Qf5 17. Qf4 Qd7 18. Nb3 Re8 19. f3
Qe7 20. Re1 Re6 21. Nd4 Rxe3 22. Qxe3 Qxe3+ 23. Rxe3 Rxe3 24. Kf2 Re7 25. Re1
Rxe1 26. Kxe1 a6 27. Nb3 b6 28. Nd4 Kf8 29. Nc6 Ke8 30. b4 Nd7 31. Kd2 f6 32.
f4 g6 33. Kd3 Kf7 34. Kd4 Ke6 35. Nd8+ Ke7 36. Nb7 c6 37. a4 Nf8 38. a5 Ne6+
39. Ke3 bxa5 40. Nxa5 c5 41. Nc6+ Kd6 42. Nb8 Nc7 43. bxc5+ Kxc5 44. Nd7+ Kc4
45. Nxf6 Kxc3 46. Nxh7 d4+ 47. Kf3 Nd5 48. Ng5 d3 49. Ne4+ Kc2 50. g4 a5 51. h4
a4 52. h5 gxh5 53. g5 a3 54. g6 a2 0-1

[Event "Cto Aragón Equipos DH Gr II"]
[Site "Aragon"]
[Date "2015.01.24"]
[Round "1.17"]
[White "Donoso Sanchez, Alejandro"]
[Black "Gavin Roche, Enrique"]
[Result "1-0"]
[WhiteElo "2218"]
[BlackElo "2264"]
[PlyCount "99"]
[EventDate "2015.01.24"]
[WhiteTeam "CMU Cerbuna"]
[BlackTeam "ONCE Aragon"]

1. e4 d6 2. d4 Nf6 3. Nc3 e5 4. Nf3 Nbd7 5. Bc4 Be7 6. Qe2 O-O 7. h3 c6 8. d5
b5 9. Bb3 b4 10. dxc6 bxc3 11. cxd7 Bb7 12. bxc3 Nxe4 13. Bb2 Qc7 14. O-O a5
15. a4 Qc6 16. Qb5 Qc7 17. Rfd1 Ba6 18. Qd5 Nxc3 19. Bxc3 Qxc3 20. Rab1 Qc7 21.
Rb2 Bb7 22. Qxb7 Qxb7 23. Bxf7+ Kxf7 24. Rxb7 Ke6 25. c4 Ra6 26. Re1 Bd8 27. c5
Kd5 28. cxd6 Kc6 29. Reb1 Kxd6 30. Rd1+ Ke6 31. Re1 Bf6 32. Nxe5 Kf5 33. Nc4
Raa8 34. Re8 Kg6 35. Nd6 Rd8 36. Kf1 Bd4 37. Rxf8 Rxf8 38. Ne8 Bxf2 39. Ke2 Bh4
40. Nxg7 Rf2+ 41. Kd3 Rxg2 42. Ne6 Rg3+ 43. Kc4 h5 44. Rb3 Rxb3 45. Kxb3 Kf5
46. d8=Q Bxd8 47. Nxd8 h4 48. Kc4 Kf4 49. Ne6+ Kg3 50. Nf8 1-0

[Event "Cto Aragón Equipos DH Gr II"]
[Site "Aragon"]
[Date "2015.01.24"]
[Round "1.18"]
[White "Laliena Solanes, Luis"]
[Black "Gella Bitrian, Diego"]
[Result "1-0"]
[WhiteElo "2150"]
[BlackElo "2033"]
[PlyCount "67"]
[EventDate "2015.01.24"]
[WhiteTeam "ONCE Aragon"]
[BlackTeam "CMU Cerbuna"]

1. d4 Nf6 2. Nf3 g6 3. Nc3 d5 4. Bf4 Bg7 5. e3 Bf5 6. Be2 a6 7. Ne5 c5 8. O-O
Nc6 9. Nxc6 bxc6 10. Na4 Nd7 11. c3 Qa5 12. Nxc5 Nxc5 13. b4 Qa3 14. bxc5 e5
15. Bg3 Qxc3 16. Qa4 Kd7 17. Rac1 Qb2 18. Rfe1 Rhb8 19. dxe5 Bxe5 20. Bf3 Bxg3
21. hxg3 Rb4 22. Qd1 Kc7 23. a3 Qxa3 24. e4 Be6 25. exd5 cxd5 26. Qd2 Qb2 27.
Qg5 Rd8 28. c6 Rc8 29. Qe7+ Kb8 30. Qd6+ Ka8 31. c7 Rb6 32. Bxd5+ Bxd5 33.
Qxd5+ Ka7 34. Qd8 1-0

[Event "Cto Aragón Equipos DH Gr II"]
[Site "Aragon"]
[Date "2015.01.24"]
[Round "1.19"]
[White "Sacristan Latorre, Alberto"]
[Black "Cobo Garrido, Diego Israel"]
[Result "0-1"]
[WhiteElo "2021"]
[BlackElo "2040"]
[PlyCount "32"]
[EventDate "2015.01.24"]
[WhiteTeam "CMU Cerbuna"]
[BlackTeam "ONCE Aragon"]

1. e4 e5 2. Nf3 Nc6 3. d4 exd4 4. Nxd4 Nf6 5. Nxc6 bxc6 6. e5 Qe7 7. Qe2 Nd5 8.
c4 Ba6 9. Nd2 Nf4 10. Qe3 g5 11. Ne4 Bxc4 12. g3 Qb4+ 13. Bd2 Qxb2 14. Bc3 Bb4
15. gxf4 Qxa1+ 16. Kd2 Qxa2+ 0-1

[Event "Cto Aragón Equipos DH Gr II"]
[Site "Aragon"]
[Date "2015.01.24"]
[Round "1.21"]
[White "Guzman Moneo, Alberto"]
[Black "Hefty, Jorge W"]
[Result "1/2-1/2"]
[WhiteElo "2216"]
[BlackElo "2325"]
[PlyCount "156"]
[EventDate "2015.01.24"]
[WhiteTeam "Helios"]
[BlackTeam "Ibercaja"]

1. e4 c5 2. Nc3 e6 3. Nge2 Nc6 4. g3 Nge7 5. Bg2 Nd4 6. O-O Nec6 7. Re1 Be7 8.
Nxd4 cxd4 9. Nd5 Bc5 10. Nf4 O-O 11. c4 dxc3 12. dxc3 Be7 13. Qh5 g6 14. Qe2 d6
15. Nd3 Bd7 16. Bh6 Re8 17. e5 Qc7 18. Bf4 Red8 19. exd6 Bxd6 20. Bxd6 Qxd6 21.
Rad1 Qc7 22. Nc5 Be8 23. Ne4 Qe7 24. Qe3 Rxd1 25. Rxd1 Rd8 26. Rxd8 Qxd8 27.
Qd2 Qxd2 28. Nxd2 Kf8 29. f4 Ke7 30. Kf2 e5 31. Ke3 exf4+ 32. Kxf4 Nd8 33. Kg5
h5 34. Kf4 b6 35. b4 f6 36. Bd5 Nf7 37. h4 Ne5 38. Be4 Bf7 39. a3 Kd6 40. Ke3
Nd7 41. Kd4 Nf8 42. c4 Ne6+ 43. Ke3 Be8 44. Bd5 Ng7 45. Kf4 Nf5 46. Ne4+ Ke7
47. c5 Nd4 48. Nd6 Bd7 49. Bf7 bxc5 50. bxc5 a5 51. Bxg6 Ne6+ 52. Ke3 Nxc5 53.
Nc4 a4 54. Bxh5 f5 55. Bd1 Kf6 56. Bc2 Bb5 57. Nb6 Ke5 58. h5 Kf6 59. h6 Kg6
60. g4 Kxh6 61. gxf5 Kg5 62. Kd4 Nb3+ 63. Ke5 Nd2 64. Bxa4 Nf3+ 65. Ke4 Nd2+
66. Ke3 Bxa4 67. Kxd2 Bc6 68. Nc8 Bd7 69. Nd6 Bxf5 70. a4 Bd7 71. Nb5 Kf6 72.
Kd3 Ke7 73. Kd4 Bxb5 74. axb5 Kd6 75. Kc4 Kc7 76. Kc5 Kb7 77. b6 Kb8 78. Kb5
Kb7 1/2-1/2

[Event "Cto Aragón Equipos DH Gr II"]
[Site "Aragon"]
[Date "2015.01.24"]
[Round "1.22"]
[White "Aguirre Izaguirre, Pedro Jose"]
[Black "Cerrajeria Ruiz, Jesus Maria"]
[Result "1/2-1/2"]
[WhiteElo "2182"]
[BlackElo "2163"]
[PlyCount "128"]
[EventDate "2015.01.24"]
[WhiteTeam "Ibercaja"]
[BlackTeam "Helios"]

1. c4 g6 2. Nc3 c5 3. g3 Bg7 4. Bg2 Nc6 5. d3 Nh6 6. e4 d6 7. Nge2 O-O 8. h4 e6
9. f3 f5 10. Bg5 Qb6 11. Qd2 Nf7 12. Be3 fxe4 13. Nxe4 Qxb2 14. Qxb2 Bxb2 15.
Rb1 Bg7 16. h5 Nb4 17. hxg6 hxg6 18. Nf4 Nc2+ 19. Kd2 Nxe3 20. Kxe3 Bd4+ 21.
Ke2 Kg7 22. Bh3 Re8 23. Bg4 b6 24. Rh3 d5 25. cxd5 exd5 26. Nxd5 Bxg4 27. Rh4
Bf5 28. Nc7 g5 29. Rhh1 Rad8 30. Nxe8+ Rxe8 31. g4 Bg6 32. Kd2 Rd8 33. Kc2 Be3
34. Rhe1 Bf4 35. Rbd1 Ne5 36. Nxg5 Rxd3 37. Ne6+ Kf6 38. Nxf4 Rxf3+ 39. Nxg6
Nxg6 40. Rf1 Rxf1 41. Rxf1+ Kg5 42. Rf7 Kxg4 43. Rxa7 Nf4 44. a4 Kf5 45. Kc3
Ke5 46. Kc4 Kd6 47. Rh7 Kc6 48. Rh2 Kb7 49. Rh7+ Ka6 50. Rh8 Ne2 51. Ra8+ Kb7
52. Rd8 Ka6 53. a5 Nd4 54. axb6 Kxb6 55. Rd6+ Kc7 56. Kxc5 Nb3+ 57. Kd5 Na5 58.
Ra6 Nb7 59. Rc6+ Kd7 60. Rc1 Nd8 61. Ra1 Ke7 62. Ra6 Nf7 63. Re6+ Kd7 64. Re4
Nd8 1/2-1/2

[Event "Cto Aragón Equipos DH Gr II"]
[Site "Aragon"]
[Date "2015.01.24"]
[Round "1.23"]
[White "Aparicio Navarro, Pedro"]
[Black "Castillo Sanjuan, Daniel"]
[Result "1/2-1/2"]
[WhiteElo "2154"]
[BlackElo "1998"]
[PlyCount "99"]
[EventDate "2015.01.24"]
[WhiteTeam "Helios"]
[BlackTeam "Ibercaja"]

1. Nf3 Nf6 2. g3 d6 3. Bg2 g6 4. O-O Bg7 5. c4 O-O 6. Nc3 c5 7. d3 Bd7 8. a3
Bc6 9. Rb1 Nbd7 10. Bd2 Ng4 11. b4 b6 12. b5 Bb7 13. h3 Ngf6 14. e4 Ne5 15. Ne1
Ne8 16. f4 Nd7 17. Nf3 Nc7 18. g4 e6 19. Qe1 h6 20. Qg3 Kh8 21. Rbe1 Rg8 22.
Kh1 f5 23. g5 Qf8 24. exf5 exf5 25. Nh4 Bxg2+ 26. Qxg2 Kh7 27. Qc6 Qd8 28. Qxd6
Nf8 29. Qxd8 Rxd8 30. Rf3 hxg5 31. fxg5 Nfe6 32. Nd5 Nxd5 33. Rxe6 Bc3 34. Bc1
Nc7 35. Rc6 Rg7 36. Bf4 Rdd7 37. Bxc7 Rxc7 38. Rxc7 Rxc7 39. Ng2 Bd2 40. h4 Re7
41. Kg1 Kg7 42. Kf2 Kf7 43. Kf1 Re5 44. Rf2 Bc1 45. a4 Ke6 46. Rc2 Be3 47. Nxe3
Rxe3 48. Re2 Rxe2 49. Kxe2 f4 50. Kf2 1/2-1/2

[Event "Cto Aragón Equipos DH Gr II"]
[Site "Aragon"]
[Date "2015.01.24"]
[Round "1.24"]
[White "Garcia Monterde, Francisco Jos"]
[Black "Navarro Alonso, Jorge"]
[Result "1/2-1/2"]
[WhiteElo "1939"]
[BlackElo "2145"]
[PlyCount "103"]
[EventDate "2015.01.24"]
[WhiteTeam "Ibercaja"]
[BlackTeam "Helios"]

1. Nf3 c5 2. c4 Nc6 3. Nc3 e5 4. g3 g6 5. Bg2 Bg7 6. a3 Nge7 7. Rb1 a5 8. O-O
O-O 9. b3 f5 10. Bb2 d6 11. d3 h6 12. e3 Be6 13. Rc1 g5 14. Ne1 f4 15. Nd5 Nf5
16. Nc2 Nce7 17. Qe2 Nxd5 18. cxd5 Bd7 19. Qd2 Qe8 20. Qd1 Qf7 21. Bf3 Ne7 22.
e4 Bh3 23. Bg4 Bxf1 24. Be6 Qxe6 25. dxe6 Bh3 26. b4 axb4 27. axb4 b6 28. bxc5
bxc5 29. Na3 Bxe6 30. Qc2 Nc6 31. Nc4 Nb4 32. Qd2 Ra6 33. Bc3 Ra2 34. Nb2 Nc6
35. Rb1 Rb8 36. Qc1 fxg3 37. hxg3 Rb3 38. Nd1 Raa3 39. Rxb3 Rxb3 40. Ne3 Nd4
41. Bxd4 exd4 42. Nc4 Rxd3 43. Nxd6 c4 44. Kg2 c3 45. Nf5 Rd2 46. Nxg7 Kxg7 47.
Kf1 Bg4 48. Qa3 c2 49. Qe7+ Kg6 50. Qe8+ Kg7 51. Qe7+ Kg6 52. Qe8+ 1/2-1/2